Kraje po kształtach dróg - Statystyki

Ogólne statystyki
  • Ten quiz został rozwiązany 39 razy
  • Średni wynik to 14 z 19
Odpowiedzi na mapie
Odpowiedzi zakodowano w zielono-czerwonej skali na mapie do tego quizu, zgodnie z poniższymi procentami.
 
Statystyki odpowiedzi
Odpowiedź % Poprawnych
Meksyk
100%
Stany Zjednoczone
100%
włochy
100%
Australia
94%
Niemcy
94%
Chiny
92%
Chile
86%
Egipt
86%
Chorwacja
83%
Szwecja
83%
Polska
81%
Holandia
78%
Portugalia
75%
Iran
67%
Malezja
50%
Republika Południowej Afryki
50%
Watykan
47%
Demokratyczna Republika Konga
39%
Singapur
11%
Nie znaleziono quizów pasujących do podanych kryteriów
Rozkład punktacji
Procent ludzi z każdym wynikiem
Percentyl według liczby udzielonych odpowiedzi
Twoja historia wyników
Nie rozwiązałeś tego quizu